000 00565nam a2200181Ia 4500
008 090711s9999 xx 000 0 und d
082 _b17898
100 _aठाकुर रविंद्रनाथ
245 _aघरे बाइरे
260 _c1962
300 _a262
600 _aठाकुर रविंद्रनाथ
630 _aघरे बाइरे
700 _aठाकुर रविंद्रनाथ
700 _aभावे शिवराम गो.
730 _aघरे बाइरे
942 _cBOOK
999 _c296177
_d296177